| 000 | 00373nam a2200145 a 4500 | ||
|---|---|---|---|
| 999 |
_c2233 _d2233 |
||
| 001 | 2233 | ||
| 003 | CDMR | ||
| 005 | 20211228123007.0 | ||
| 008 | 130130s1974||||||||||||||||||||||||||||d | ||
| 040 |
_aCDMR _bcat _cCDMR |
||
| 100 | 1 |
_aVinader i Sánchez, Xavier _92970 |
|
| 245 | 1 | 3 |
_aLa prensa en Sabadell _cEco Xavier Vinader Sanchez |
| 260 |
_aBarcelona _c1974 |
||
| 942 |
_cTSN _2udc |
||